00786nam a2200217 a 450000100060000000300090000600800410001502000150005604000280007108200170009910000250011624500710014126000230021230000100023550502170024565000170046265000130047965000240049265000300051665000220054622799CO-ViMGA141112s2004 ck r 000 u spa d a9587110269 aCO-ViMGAbspacCO-ViMGA04a345.06 V481l1 aVivas Botero, Alvaro10aEl lugar de los hechos : bReferencia al sistema penal acusatorio aColombia : bLeyer a367p. aEl lugar de los hechos y disciplinas afines, El lugar de los hechos, utilidad y circunstancia, Precauciones iniciales, Fijacion del lugar de los hechos, Cadena de custodia criminalistica, Traslado a la morgue14aCRIMINOLIGA 14aDELITOS 14aEVIDENCIA (DERECHO)14aInvestigación CRIMINAL 14aPRUEBA (DERECHO)